000 00815cam a2200265 4500
001 ABS65339
008 020415n2002 000 0 eng u
035 _a(Sirsi) u117465
245 _aRegional survey: Oxon, Warks and Worcs
260 _c2002
490 _aProperty Week
_v67(13) 5 April 2002, 49-58(6)
590 _aABS
650 _aOXFORDSHIRE
650 _aWARWICKSHIRE
650 _aWORCESTERSHIRE
650 _aM40
650 _aOXFORD
650 _aINDUSTRIAL MARKET
650 _aINDUSTRIAL DEVELOPMENT
650 _aPROPERTY-COMMERCIAL PROPERTY-OFFICE PROPERTY-OFFICE PROPERTY MARKET
650 _aPROPERTY-COMMERCIAL PROPERTY-RETAIL PROPERTY-RETAIL PROPERTY MARKET
650 _aRESIDENTIAL MARKET
690 _aPROPERTY-COMMERCIAL PROPERTY-COMMERCIAL PROPERTY MARKET
942 _n0
999 _c69974
_d69974